| 000 | 003280000a22001450004500 | ||
|---|---|---|---|
| 001 | 003227 | ||
| 003 | MACL | ||
| 040 | _aMACL | ||
| 090 |
_c15220 _d15219 |
||
| 100 | _aChoudhuri, S | ||
| 245 |
_aIndex Asia Series In Humanities 19 Part-1 _cS Choudhuri |
||
| 260 |
_aPunthi Pustak, _c2000 |
||
| 650 | _aKnowledge | ||
| 942 |
_k1 _cBook |
||
| 999 |
_c15133 _d15133 |
||